02070cam a2200301 a 4500001001700000005001700017008004100034015001900075020003500094035001800129035001200147035003400159040003000193041000700223042001100230100003000241245005000271260003000321300002400351440002200375500010800397505012500505520098400630600003301614650003401647650003201681700005501713994332271380434120260128113229.0050427s2005 enk 000 0 eng  aGBA5436972bnb a9780141024004 (pbk.) :cĐ3.99 a(Uk)013205370 a1171272 a(StEdNL)4332271-nlsdb-Voyager aStDuBDSbengcStDuBDSdUk aen aukblsr aArendt, Hannahd1906-197510aEichmann and the Holocaust c/ Hannah Arendt. aLondon :bPenguin,c2005. a129 pages ;c18 cm. 0aGreat ideas ;v40 aOriginally published in: Eichmann in Jerusalem: a report on the banality of evil. London : Faber, 1963. aThe Banality of Evil — The Accused — The Trial — Only Following Orders — Guilt and Responsibility — Judgement. aFollowing the overwhelming success of Great Ideas' launch, with a million sold in the UK alone, Penguin now publish a further 20 short, astonishing works of non-fiction drawn from the most remarkable writing of the past two and a half thousand years of human thinking. Throughout history, some books have changed the world. They have transformed the way we see ourselves - and each other. They have inspired debate, dissent, war and revolution. They have enlightened, outraged, provoked and comforted. They have enriched lives - and destroyed them. Now Penguin brings you the works of the great thinkers, pioneers, radicals and visionaries whose ideas shook civilization and helped make us who we are. Inspired by the trial of a bureaucrat who helped cause the Holocaust, this radical work on the banality of evil stunned the world with its exploration of a regime's moral blindness and one man's insistence that he be absolved all guilt because he was 'only following orders'. 0aEichmann, Adolf,d1906-1962. 0aHolocaust, Jewish (1939-1945) 0aWar crime trialszJerusalem1 aArendt, Hannah,d1906-1975tEichmann in Jerusalem.